| 000 | 00571nam a2200193 u 4500 | ||
|---|---|---|---|
| 001 | 000401565 | ||
| 003 | AM-YeHGA | ||
| 005 | 20250617132511.0 | ||
| 008 | 050110s1990 ru |||||||||||000|0|rus d | ||
| 020 | _a5270009927 | ||
| 040 | _aAM-YeHGA | ||
| 041 | 0 | _arus | |
| 100 | 1 | _aЛарионов, Арсений Васильевич. | |
| 245 | 1 | 0 |
_aРок : _bРоман / _cАрсений Ларионов. |
| 260 |
_aМосква : _bСовременник, _c1990. |
||
| 300 | _a557 с. | ||
| 653 | 0 | _aДеревня - Север СССР (х. л.) | |
| 090 | _c153554 | ||
| 999 |
_c152159 _d152159 |
||